Tesoro de cuentos / (Record no. 150996)

MARC details
000 -LEADER
campo de control de longitud fija 00840nam a2200241 i 4500
001 - NÚMERO DE CONTROL
campo de control 150996
003 - IDENTIFICADOR DE NÚMERO DE CONTROL
campo de control ES-MaACL
005 - FECHA Y HORA DE LA ÚLTIMA TRANSACCIÓN
campo de control 20250915230735.0
007 - CAMPO FIJO DE DESCRIPCIÓN FÍSICA--INFORMACIÓN GENERAL
campo de control de longitud fija t|
008 - DATOS DE LONGITUD FIJA--INFORMACIÓN GENERAL
campo de control de longitud fija 071126q1893 sp ||||1| spa d
245 00 - MENCIÓN DEL TÍTULO
Título Tesoro de cuentos /
Mención de responsabilidad, etc. por Alfonso Daudet, Catulo Mendes, Teodoro de Banville ... [et al.].
260 ## - PUBLICACIÓN, DISTRIBUCIÓN, ETC.
Lugar de publicación, distribución, etc. Madrid :
Nombre del editor, distribuidor, etc. La España Moderna,
Fecha de publicación, distribución, etc. [1893?]
300 ## - DESCRIPCIÓN FÍSICA
Extensión 324 p. ;
Dimensiones 17 cm.
490 1# - MENCIÓN DE SERIE
Mención de serie Colección de libros escogidos ;
Designación de volumen o secuencia 82
500 ## - NOTA GENERAL
Nota general La España Moderna ejerce ca. 1890-1900.
650 #4 - PUNTO DE ACCESO ADICIONAL DE MATERIA--TÉRMINO DE MATERIA
Término de materia o nombre geográfico como elemento de entrada Cuentos franceses-
Subdivisión cronológica S.XIX.
9 (RLIN) 152899
700 1# - ENTRADA AGREGADA--NOMBRE PERSONAL
Nombre de persona Daudet, Alphonse,
Fechas asociadas al nombre 1840-1897
9 (RLIN) 42799
700 0# - ENTRADA AGREGADA--NOMBRE PERSONAL
Nombre de persona Mendès, Catulle.
9 (RLIN) 80102
700 1# - ENTRADA AGREGADA--NOMBRE PERSONAL
Nombre de persona Banville, Théodore,
Fechas asociadas al nombre 1823-1891
9 (RLIN) 125795
830 0# - PUNTO DE ACCESO ADICIONAL DE SERIE-TÍTULO UNIFORME
Título uniforme Colección de libros escogidos ;
Designación de volumen o secuencia 82
9 (RLIN) 181858
852 ## - LOCALIZACIÓN
Ubicación ES-MaACL
Número de control de estantería A-4720
Holdings
Estatus retirado Estado de pérdida Estado de daño No para préstamo Colección Biblioteca de origen Biblioteca actual Ubicación en estantería Fecha de adquisición Fuente de adquisición Total de préstamos Signatura topográfica completa Código de barras Visto por última vez Precio de reemplazo Tipo de ítem Koha
        Libros del s. XIX Biblioteca del Ateneo de Madrid Biblioteca del Ateneo de Madrid Sala Pecera Planta 1 17/01/2008     A-4720 1157561 23/02/2023 23/02/2023 Libro impreso antiguo